Eminem lyrics - Statistics

General Stats
  • This quiz has been taken 253 times
  • The average score is 9 of 15
Answer Stats
Lyrics Song % Correct
"My girlfriends pregnant too, I´m 'bout to be a father, If I have a daughter, guess what I'ma call her, I'ma name her Bonnie" Stan
95%
"Cause Daddy felt like a bum—see, Daddy had a job But his job was to keep the food on the table for you and Mom" Mockingbird
83%
"All the pain inside amplified by the
Fact that I can't get by with my nine-to-
Five and I can't provide the right type of life for my family"
Lose Yourself
79%
"Well, if you want Shady, this is what I'll give ya A little bit of weed mixed with some hard liquor" Without Me
78%
"How could I not blow? All I do is drop F-bombs Feel my wrath of attack Rappers are havin' a rough time period, here's a maxi pad" Rap God
72%
"Come here, slut; "Shady, wait a minute, that's my girl, dawg" I don't give a fuck, God sent me to piss the world off" My Name Is
66%
"Now back in the days of old me (When) Right around the time I became a dope fiend Ate some codeine, as a way of coping taste of opiates, case of O.E" Houdini
63%
"If you never gave a damn (Ayy), raise your hand Cause I'm about to set trip, vacation plans" Godzilla
59%
"When you real and you spit, and people are feelin' your shit
This is your moment, and every single minute you spend
Tryna hold on to it, 'cause you may never get it again"
Till I Collapse
59%
"I don't give a damn what you think, I'm doin' this for me So fuck the world, feed it beans, it's gassed up if it thinks it's stoppin' me" Not Afraid
57%
"I can't breathe, but I still fight while I can fight As long as the wrong feels right, it's like I'm in flight" Love The Way You Lie
49%
"Cause the very thing that I love's killin' me and I can't conquer it My OCD's conkin' me in the head, keep knockin' Nobody's home, I'm sleepwalkin" The Monster
45%
"Marshall, you're so funny, man You should be a comedian, goddamn!" Unfortunately I am I just hide behind the tears of a clown" Beautiful
43%
"Holy or unholy, only have one homie Only this gun, lonely 'cause don't anyone know me" Sing For The Moment
35%
"They make it all up, there's no such thing Like a female with good looks who cooks and cleans" Business
32%
No matching quizzes found
Score Distribution
Percent of People with Each Score
Percentile by Number Answered
Your Score History
You have not taken this quiz